Normal view
MARC view
- Ramond Moxley
Entry Personal Name
001 - CONTROL NUMBER
- control field: 42364
003 - CONTROL NUMBER IDENTIFIER
- control field: NUST
005 - DATE AND TIME OF LATEST TRANSACTION
- control field: 20210314132303.0
008 - FIXED-LENGTH DATA ELEMENTS
- fixed length control field: 210314|| aca||aabn | a|a d
040 ## - CATALOGING SOURCE
- Original cataloging agency: NUST
- Transcribing agency: NUST
100 ## - HEADING--PERSONAL NAME
- Personal name: Ramond Moxley
670 ## - SOURCE DATA FOUND
- Source citation: Work cat.: (NUST): Ramond Moxley, Mitchell's Elementary Building Construction , B.T Batsford Ltd, 1959
